000 00915cam a2200265 4500
001 5111
005 20181127174816.0
008 100329s2011 nyu c 000 1 eng
010 _a 2010007855
020 _a9780061962790
100 1 _aLai, Thanhha.
245 1 0 _aInside out & back again /
_cThanhha Lai.
246 3 _aInside out and back again
250 _a1st ed.
260 _aNew York :
_bHarper,
_c2011.
300 _a262 p. ;
_c22 cm.
520 _aThrough a series of poems, a young girl chronicles the life-changing year of 1975, when she, her mother, and her brothers leave Vietnam and resettle in Alabama.
521 1 _aAges 8-12.
650 1 _aEmigration and immigration
_vFiction.
650 1 _aImmigrants
_vFiction.
650 1 _aNovels in verse.
650 1 _aVietnamese Americans
_vFiction.
651 1 _aAlabama
_xHistory
_y1951-
_vFiction.
651 1 _aVietnam
_vHistory
_y1971-1980
_vFiction.
999 _c4276
_d4276